| 000 | 01350cam a2200301 a 4500 | ||
|---|---|---|---|
| 003 | BD-RjUL | ||
| 005 | 20221027084803.0 | ||
| 008 | 221027s1966 le fh b 000 0carard | ||
| 020 | _c£1.65 | ||
| 040 |
_cNN _dNN _dMiU _dCU-SB _dNNU _dUkOxU _aBD-RjUL _beng |
||
| 041 | _aara | ||
| 082 |
_223 _a305.69709460903 _bAHK 1966 |
||
| 100 |
_aAhmed bin Zubair, bin Jaafar # # احمد بن الزبير, ابن جعفر _95512 |
||
| 245 | 1 | 0 |
_aكتاب صلة الصلة # # Kitab sillah assillah / _cAbi Jaafar Ahmed bin Zubair # # ابي جعفر احمد بن الزبير |
| 246 | 1 | 4 | _aKitab sillah assillah / |
| 260 |
_a[Lebanon] : _bMaktabat al Khiat, _c1966. |
||
| 300 |
_a285 p. ; _c23 cm |
||
| 504 | _aIncludes bibliographical references. | ||
| 650 | 0 |
_aMuslims _zSpain _vBiography _vEarly works to 1800. _95513 |
|
| 650 | 0 |
_aArabs _zSpain _vBiography _vEarly works to 1800. _95514 |
|
| 830 | 0 |
_aMaktabah al-Andalusīyah ; _v4-5 _95515 |
|
| 880 | 1 | 0 |
_6245-03/(3/r _aكتاب صلة الصلة / _cتأليف ابن بشكوال أبي القاسم خلف بن عبد الملك. |
| 880 |
_6260-04/(3/r _a[Cairo] : _bالدار المصرية للتأليف والترجمة، _c٦٦٩١. |
||
| 880 | 0 |
_6490-05/(3/r _aتراثنا |
|
| 880 | 0 |
_6440-06/(3/r _aمكتبة الأندلسية ؛ _v٥-٤ |
|
| 942 |
_2ddc _cBK |
||
| 999 |
_c80634 _d80634 |
||